000 00450cam a2200181ua 4500
001 2449
008 110817n ii |||gr||||Z||||||asm
040 _cMAIN
082 _a398.054162
100 1 _aBaruah, Birinchi Kr. ,
245 1 _aAssamar loka sanskriti
_cby Birinchi kumar Baruah
250 _a2nd.
260 _aGuahati:
_bBina Library,985.
300 _a242p:
_bill;
_c23cm.
653 _aFolklore
653 _aAssamese culture
942 _cBK
999 _c2306
_d2306